logo

Bir Sreshtho Munshi Abdur Rouf Library
Jhenaidah Cadet College

Totto-Chan : (Record no. 14176)

MARC details
000 -LEADER
fixed length control field 00670nam a2200241 a 4500
001 - CONTROL NUMBER
JCCL Control Number 14176
003 - CONTROL NUMBER IDENTIFIER
JCCL marc code BD-JhCC
005 - DATE AND TIME OF LATEST TRANSACTION
control field 20250208125152.0
008 - FIXED-LENGTH DATA ELEMENTS--GENERAL INFORMATION
fixed length control field 250208b2012 e a|||| ||a| 001 0 eng d
020 ## - INTERNATIONAL STANDARD BOOK NUMBER
International Standard Book Number 9781568363912
035 ## - SYSTEM CONTROL NUMBER
system control number (BD-JhCC)14176
040 ## - CATALOGING SOURCE
Original cataloging agency BD-JhCC
Modifying agency BD-JhCC
041 ## - LANGUAGE CODE
Language code of Book english
082 ## - DEWEY DECIMAL CLASSIFICATION NUMBER
Classification number 823.9
Author mark and Year KUR 2012
100 ## - MAIN ENTRY--PERSONAL NAME
Personal name Kuroyanagi,Tetsuko
245 ## - TITLE STATEMENT
Title Totto-Chan :
Remainder of title The Little Girl at the Window /
Statement of responsibility, etc Tetsuko Kuroyanagi,Dorothy Britton.
260 ## - PUBLICATION, DISTRIBUTION, ETC. (IMPRINT)
Place of publication, distribution, etc London:
Name of publisher, distributor, etc Kodansha;
Date of publication, distribution, etc 2012.
300 ## - PHYSICAL DESCRIPTION
Pagination 196 p. :
Other physical details ill;
Dimensions 20 cm.
651 ## - SUBJECT ADDED ENTRY--GEOGRAPHIC NAME
Geographic name Historical fiction
Geographic subdivision English Novel
700 ## - ADDED ENTRY--PERSONAL NAME
Personal name Britton,Dorothy
942 ## - ADDED ENTRY ELEMENTS (KOHA)
Source of classification or shelving scheme Dewey Decimal Classification
Koha item type Books
Holdings
Source of classification or shelving scheme Damaged status Not for loan Home library Current library Shelving location Date of accession Source of acquisition Cost, normal purchase price Total Checkouts Full call number Barcode Date last seen Date checked out Copy number Method of acquisition Koha item type Currency
Dewey Decimal Classification     JCC Rouf Library JCC Rouf Library General Stacks   With the compliments of Maj (Retd) Syed Sakhawat Hussain,07/0388/K 100.00 2 823.9 KUR 2012 19987 11/12/2025 11/05/2025 C-1 Gift/Donation Books BDT
Dewey Decimal Classification     JCC Rouf Library JCC Rouf Library General Stacks   With the compliments of Maj (Retd) Syed Sakhawat Hussain,07/0388/K 100.00 1 823.9 KUR 2012 19988 09/02/2025 07/30/2025 C-2 Gift/Donation Books BDT

JCC Library | Contacts | JCC Home

Last Update on 23 September 2017
Copyright @ 2017-2020 JCC Rouf Library
Rouf Library, Jhenidah Cadet College (JCC), Bangladesh